000
00247nam a2200097Ia 4500
001
711819
005
20250826162815.0
008
250824s9999 xx 000 0 und d
245
0
_a
AŞK-I MEMNU
_c
HALİT ZİYA UŞAKLIGİL
260
_b
EVEREST YAYINLARI
999
_c
711819
_d
711819